00965 2200349 4500001002100000005001500021035002000036007000300056040001700059100002700076245006300103250001200166300003800178504002900216020002200245041000800267082000800275084001400283090002000297264003700317336002100354337003000375338002300405500003000428650001700458850001000475008004100485990002300526990002200549990002200571990002200593INLIS00000000000813420260529075258 a0010-0922000623ta aSBPUPADbind0 aGiri WiartoePengarang1 aMedia Pembelajaran Dalam Pendidikan Jasmani /cGiri Wiarto a.-cet.1 aix,178 hlm :bilus. ;c16 x 23 cm aBibliografi, hlm 177-178 a978-602-73094-1-807aind a700 a700 GIR m a700 GIR m L22-6 a.--Yogyakarta :bLaksitas,c2016 2rdacontentateks 2rdamediaatanpa perantara 2rdacarrieravolume aTentang Penulis,hlm Cover 4aKeolahragaan aPUPAD260529 0  a28.4451/P/DPK/2018 a28.444/H/DPK/2018 a28.444/H/DPK/2018 a28.442/H/DPK/2018